| 000 | 004320000a22001810004500 | ||
|---|---|---|---|
| 003 | MACL | ||
| 005 | 20150728170324.0 | ||
| 008 | 150728b xxu||||| |||| 00| 0 eng d | ||
| 040 |
_aMACL _cMACL |
||
| 041 | _aEnglish | ||
| 082 | _a400 | ||
| 100 |
_aRamappa, K _92978 |
||
| 245 | _aA Key to Correct English | ||
| 260 |
_bEnglish Education Centre _c1991 _aBangalore |
||
| 350 | _a40 | ||
| 650 |
_aLanguage _981 |
||
| 942 |
_cBK _k400 _2ddc |
||
| 999 |
_c4469 _d4469 |
||